Sociedad criolla, sociedad indígena y mestizaje /

Uno de los caminos para que una sociedad logre una identidad en la que sus miembros puedan reconocerse, es la aceptación de un origen primigenio común. En Chile, ello requiere un acto previo: develar los estereotipos cambiantes y contradictorios con los que se ha percibido y se percibe a la sociedad...

Full description

Bibliographic Details
Main Author: Bengoa, José
Format: Analitica de revista
Language:Spanish
Published: Santiago, Chile SUR 1986
Subjects:

MARC

LEADER 00000cab a2200000 a 4500
001 037579
003 UAHC_CL
005 20171122124813.0
008 140120s1986 cl 000 spa
952 |0 0  |1 0  |4 0  |6 PROPOSICIONES_12_86_000000000000000  |7 0  |8 COMP  |9 71595  |a BC  |b BC  |c COMP  |d 2017-08-03  |l 0  |o PROPOSICIONES-12/86  |r 2017-08-03 00:00:00  |t 1  |w 2017-08-03  |y REVA 
999 |c 37579  |d 37579 
040 |a UAHC_CL  |c UAHC_CL  |d UAHC_CL 
100 1 |a Bengoa, José 
245 1 0 |a Sociedad criolla, sociedad indígena y mestizaje /  |c Jose Bengoa. 
260 |b SUR  |c 1986  |a Santiago, Chile 
300 |a pp. 119-140 
310 |a Anual. 
362 0 |a Año 1, no. 1 (nov. 2002)- . 
362 0 |a Año 1, no. 1 (nov. 2002)- . 
500 |a En: Proposiciones. no. 12, 1986. pp. 119-140. ISSN. 956208051X. 
520 |a Uno de los caminos para que una sociedad logre una identidad en la que sus miembros puedan reconocerse, es la aceptación de un origen primigenio común. En Chile, ello requiere un acto previo: develar los estereotipos cambiantes y contradictorios con los que se ha percibido y se percibe a la sociedad mapuche, y que hoy son aplicados no sólo al araucano, sino también al pueblo urbano marginal. 
650 4 |a INDIGENAS  |x HISTORIA  |z CHILE 
650 4 |a MESTIZAJE  |z CHILE 
900 |a PROPOSICIONES-12/86 
942 |c REVA  |2 ddc